Form criticism : (Record no. 4211)

MARC details
000 -LEADER
fixed length control field 00994cam a2200277 a 4500
001 - CONTROL NUMBER
control field 135746
003 - CONTROL NUMBER IDENTIFIER
control field GBCCL
005 - DATE AND TIME OF LATEST TRANSACTION
control field 20241126110513.0
008 - FIXED-LENGTH DATA ELEMENTS--GENERAL INFORMATION
fixed length control field 810220r19661934nyu 000 0 eng d
035 ## - SYSTEM CONTROL NUMBER
System control number (OCoLC)ocn225082056
035 ## - SYSTEM CONTROL NUMBER
System control number (OCoLC)225082056
040 ## - CATALOGING SOURCE
Original cataloging agency AU@
Transcribing agency AU@
Modifying agency OCLCG
-- LBB
049 ## -
-- LBBK
-- LBBC
082 ## - DEWEY DECIMAL CLASSIFICATION NUMBER
Classification number 225.663
Item number BUL
090 ## - LOCALLY ASSIGNED LC-TYPE CALL NUMBER (OCLC); LOCAL CALL NUMBER (RLIN)
Classification number (OCLC) (R) ; Classification number, CALL (RLIN) (NR) BS2555
Local cutter number (OCLC) ; Book number/undivided call number, CALL (RLIN) .B85 1966
100 1# - MAIN ENTRY--PERSONAL NAME
Personal name Bultmann, Rudolf Karl,
Dates associated with a name 1884-1976.
9 (RLIN) 8000
245 10 - TITLE STATEMENT
Title Form criticism :
Remainder of title two essays on New Testament research /
Statement of responsibility, etc. by Rudolf Bultmann [and] Karl Kundsin; translated [from the German] by Frederick C. Grant.
260 ## - PUBLICATION, DISTRIBUTION, ETC.
Place of publication, distribution, etc. New York, N.Y. :
Name of publisher, distributor, etc. Harper and Row,
Date of publication, distribution, etc. 1962.
300 ## - PHYSICAL DESCRIPTION
Extent x, 161p. ;
Dimensions 21cm.
500 ## - GENERAL NOTE
General note Originally published in 1934.
505 0# - FORMATTED CONTENTS NOTE
Formatted contents note Includes bibliographical references.
630 00 - SUBJECT ADDED ENTRY--UNIFORM TITLE
Uniform title Bible. New testament. Gospels
General subdivision Criticism, Form.
9 (RLIN) 8001
650 #0 - SUBJECT ADDED ENTRY--TOPICAL TERM
Topical term or geographic name entry element church history
General subdivision Primitive and early church, ca 30-600.
9 (RLIN) 8002
700 1# - ADDED ENTRY--PERSONAL NAME
Personal name Kundsins, Karlis.
9 (RLIN) 8003
942 ## - ADDED ENTRY ELEMENTS (KOHA)
Source of classification or shelving scheme Dewey Decimal Classification
Koha item type Books
Koha issues (borrowed), all copies 5
Holdings
Withdrawn status Lost status Source of classification or shelving scheme Damaged status Not for loan Home library Current Library Shelving location Date acquired Total checkouts Total renewals Full call number Barcode Date last seen Date last checked out Copy number Price effective from Koha item type
    Dewey Decimal Classification     GRACE BIBLE COLLEGE GRACE BIBLE COLLEGE Biblical Studies 2018-01-16 6 2 225.663 BUL 003813 2025-05-01 2025-02-06 c.1 2018-01-16 Books
© Grace Bible College Library 2025